000 00958cam a2200277 i 4500
001 20735139
005 20250924111759.0
008 181107s2019 enka b 001 0 eng
020 _a9781400212378
_c2.268.000 đ
041 _aeng
082 _a658
_bMUL
100 _aMuller, Max
245 1 0 _aEssentials of Inventory Management /
_cMax Muller
250 _a3rd
260 _aU.S.A :
_bHarperCollins Leadership
_c2019
300 _a368 pages :
_c 23.5 cm.
500 _aSách gốc (TVB.1/02659)
650 _aManagement
650 _aInventory Management
653 _aQuản trị hàng tổn kho
653 _aQuản trị
856 _uhttps://bookworm.vnu.edu.vn/EDetail.aspx?id=185001&f=nhande&v=Essentials+of+Inventory+Management+
911 _aH.Quyên
919 _aChương trình ISEL
_bGiáo trình chương trình ISEL
_cINS3230
_dQuản lý vật tư và hàng tồn kho
_dInventory and Material Management
942 _2ddc
_cTB
999 _c11237
_d11237